| 000 | 00478nam a2200193Ia 4500 | ||
|---|---|---|---|
| 008 | 220531s9999 xx 000 0 und d | ||
| 041 | _aeng | ||
| 082 |
_a- _bAGA / KRI |
||
| 100 |
_aAgalgatti, B. H. / Krishna, S. _968745 |
||
| 245 | _aBusiness Ethics | ||
| 250 | _a1ST | ||
| 260 |
_aPune _bNirali _c2014 |
||
| 300 | _a5.16 | ||
| 542 | _d10-07-2014 | ||
| 551 |
_aBba _bNon-grant-BBA |
||
| 650 |
_aBusiness _968746 |
||
| 906 |
_d2014-2015 _f498 |
||
| 999 |
_c38604 _d38604 |
||